| 000 | 00417nam a2200157Ia 4500 | ||
|---|---|---|---|
| 008 | 221030s9999 xx 000 0 und d | ||
| 020 | _a818574937X | ||
| 041 | _aEnglish | ||
| 082 |
_a105.23 _bGup |
||
| 100 | _aJ. B. Gupta | ||
| 245 | 0 |
_aFundamentals of Electrical Engineering & Electronics _cby J. B. Gupta |
|
| 260 |
_bS. K. Kataria & Sons _aNew Delhi _c1999 |
||
| 300 | _a1049 | ||
| 650 | _aECE & EE | ||
| 942 | _cBK | ||
| 999 |
_c1032 _d1032 |
||